| 000 | 00397nam a22001577a 4500 | ||
|---|---|---|---|
| 003 | OSt | ||
| 008 | 250106b |||||||| |||| 00| 0 eng d | ||
| 020 | _a9788189866020 | ||
| 082 |
_a621.3815 _bRAJ/DE |
||
| 100 |
_aRaju, G.S.N _96810 |
||
| 245 | _aElectronic devices and circuits | ||
| 250 | _a1 | ||
| 260 |
_aNew Delhi _bI.K International Publishing Pvt. Ltd _c2011 |
||
| 300 | _a562 | ||
| 942 | _cBK | ||
| 999 |
_c13620 _d13620 |
||